| 000 | 01000nam a2200229Ia 4500 | ||
|---|---|---|---|
| 001 | 282.45-SCO pi cr (19689) | ||
| 003 | IT-MiSPE | ||
| 008 | 171229s9999||||xx |||||||||||||| ||und|| | ||
| 040 |
_aIT-MiSPE _cIT-MiSPE |
||
| 041 | _aITALIANO | ||
| 100 | _aPietro Scoppola | ||
| 245 | 0 | _aCrisi modernista e rinnovamento cattolico in Italia | |
| 250 | _a1a ed. (v) | ||
| 260 |
_aBologna _bMulino _c1961 |
||
| 300 |
_aXXVI, 412 p. _c22 cm |
||
| 490 |
_aSaggi _v31 |
||
| 500 | _aModernismo | ||
| 501 | _aEdizioni San Paolo srl - Piazza Soncino, 5 - 20092 CINISELLO BALSAMO (MI) (non commercial uses only) ® Copyright 2018 | ||
| 942 | _cBK | ||
| 957 | _71 | ||
| 999 |
_a6095 _bNO _g Copie: 1 _c349385 _d349385 |
||